000 00508nam a2200181Ia 4500
005 20250508160338.0
008 008 250505s9999 xx 000 0 eng d
037 _aTextual
040 _aFEDL
_beng
_cFEDL
041 _aeng
_2eng
084 _a943, CON
_qFEDL
100 _aConant James Bryant
245 0 _aGermany and freedom: A personal appraisal
260 _aLondon, UK
_bOxford University Press
_c1958
300 _axi,113p
942 _cTEXL
_h943, CON
999 _c1363900
_d1363900